000 01754nam a22002297a 4500
999 _c62166
_d62166
003 Ge_BSU
005 20240725145251.0
008 240725s2024 ge ||||| |||| 00| 0 geo d
041 _ageo
080 _a33 კ-44
100 _aკვაჭანტირაძე, ბესიკ
_922955
245 _aსახელმწიფოს მმართველობითი და მარეგულირებელი ფუნქციები ეფექტიანი ბიზნესგარემოს ფორმირებაში - ევროპული გამოცდილება /
_cბესიკ კვაჭანტირაძე, სამეცნ.ხელმძღ. რეზო მანველიძე.
264 _aბათუმი:
_bბათუმის შოთა რუსთაველის სახელმწიფო უნივერსიტეტი,
_c2024.
300 _a121გვ.:
_bცხრ; დიაგ.
_c30 სმ.
653 _aეკონომიკა
653 _aდისერტაცია
700 _aმანველიძე, რეზო
_eსამეცნიერო ხელმძღვანელი
_91497
711 _aბათუმის შოთა რუსთაველის სახელმწიფო უნივერსიტეტი
_922956
711 _aეკონომიკისა და ბიზნესის ფაკულტეტი
_922957
711 _aბიზნესის ადმინისტრირების, მენეჯმენტის და მარკეტინგის დარგობრივი დეპარტამენტი
_922958
942 _2udc
_cDS